000 00694nam a22002177a 4500
003 UA-OsUOA
001 53751
007 ta
008 20080418b un ||||| |||| 00| 0 ukr d
100 _aБереславська О.
090 _a330(477)
_bБ-12
942 _cSA
040 _aUA-OsUOA
_bukr
_cUA-OsUOA
_dUA-OsUOA
245 _aКурсова політика в умовах припливу іноземного капіталу в Україну
300 _aС.16-20
955 _a0
041 _aukr
080 _a330(477)
773 0 _w53750
_tВісник Національного банку України
_dК.
_d2008
_g2
650 7 _a330 Економіка взагалі
_2UDC
999 _c339840
_d339840